A roupa da carimbamba (Record no. 18222)

MARC details
000 -LÍDER
campo de controle de tamanho fixo 00385 a2200169 4500
001 - NÚMERO DE CONTROLE
campo de controle 18222
020 ## - ISBN - INTERNATIONAL STANDARD BOOK NUMBER
ISBN - International Standard Book Number 9788537306369
040 ## - FONTE DA CATALOGAÇÃO
Instituição que transcreveu o registro Anchieta - Bela Vista
100 ## - ENTRADA PRINCIPAL--NOME PESSOAL
Nome pessoal Melo, Bartolomeu Correia de
240 10 - TÍTULO UNIFORME
Título uniforme A roupa da carimbamba
Idioma da obra por
245 10 - TÍTULO
Título A roupa da carimbamba
300 ## - DESCRIÇÃO FÍSICA
Extensão 28
362 0# - DATAS DE PUBLICAÇÃO E/OU DESIGNAÇÃO SEQUENCIAL
Datas de publicação e/ou designação sequencial 2009
440 #1 - DECLARAÇÃO DE SÉRIE/ENTRADA ADICIONADA--TÍTULO
Título Bagaço
650 #4 - ASSUNTO--TERMO TÓPICO
Cabeçalho tópico ou nome geográfico Literatura infantil
942 ## - ELEMENTOS DE ENTRADA ADICIONADOS (KOHA)
Tipo de material Koha Livros
Holdings
Situação do descarte Situação das perdas Situação física Não pode ser emprestado Biblioteca de origem Biblioteca atual Data de aquisição Total de empréstimos Número de chamada completo Código de barras Data de último acesso Data do preço efetivo Tipo de material Koha
        Colégio Anchieta - Bela Vista Colégio Anchieta - Bela Vista 21/11/2023   LI 028.5 M528r MEL ROU 4460/BEL 21/11/2023 21/11/2023 Livros
        Colégio São Paulo Colégio São Paulo 21/11/2023   LI 028.5 MEL ROU 983/ITA 21/11/2023 21/11/2023 Livros